Cities My Car Has Been - Statistics

General Stats
  • This quiz has been taken 429 times
  • The average score is 9 of 19
Answer Stats
Picture Hint Answer % Correct
Putin Moscow
99%
Azure Masjid Istanbul
85%
Pilgrimage Mecca
73%
Ceaușescu Bucharest
69%
Tiflis Tbilisi
66%
Franz Josef Vienna
64%
Anastasia Saint Petersburg
59%
Victory Column Berlin
54%
Baltic Vilnius
49%
Manafort Kiev
43%
Oracle Delphi
42%
Genocide Yerevan
41%
Turkish beach Antalya
38%
White Tower Thessaloniki
33%
Matthias Church Budapest
30%
Adjara Batumi
16%
Bahá'í Haifa
15%
Oldest Georgian city Kutaisi
10%
Saint Paul returns Caesarea
2%
No matching quizzes found
Score Distribution
Percent of People with Each Score
Percentile by Number Answered
Your Score History
You have not taken this quiz